[Event "5. ODEM U25 2008"]
[Site "Willingen GER"]
[Date "2008.05.14"]
[Round "6"]
[White "Nake, Marianne"]
[Black "Melzer, Marcel"]
[Result "0-1"]
[Termination "normal"]
[Board "54"]
[WhiteElo "1427"]
[BlackElo "1745"]
[PlyCount "80"]
[BlackFideId "24671886"]
[EventCountry "GER"]
[EventRounds "9"]
[EventType "swiss"]
[EventDate "2008.05.10"]

1. e4 c5 2. Nc3 e6 3. g3 Nc6 4. Bg2 Nf6 5. f4 d5 6. e5 Nd7 7. Nf3 Be7 8. O-O
O-O 9. Kh1 a6 10. d4 b5 11. Be3 Qa5 12. h4 b4 13. Ne2 c4 14. h5 f5 15. Bh3 g6
16. hxg6 hxg6 17. Rg1 Kf7 18. g4 Rh8 19. Qf1 Bb7 20. gxf5 gxf5 21. Ng5+ Bxg5
22. Rxg5 Rag8 23. Qg2 Rxg5 24. fxg5 Ne7 25. Nf4 Ng6 26. Kg1 Qb6 27. Nxg6 Kxg6
28. Kf2 Nxe5 29. dxe5 d4 30. Qh2 dxe3+ 31. Ke2 Rd8 32. Ke1 Rd2 33. Qg3 Qd4 34.
Kf1 Qe4 35. Bg2 Qxg2+ 36. Qxg2 Bxg2+ 37. Ke1 Rxc2 38. Rd1 Rxb2 39. Rd6 Kf7 40.
Rxa6 c3 0-1

[Event "5. ODEM U25 2008"]
[Site "Willingen GER"]
[Date "2008.05.14"]
[Round "6"]
[White "Pfadenhauer, Tobias"]
[Black "Holle, Eric"]
[Result "1-0"]
[Termination "normal"]
[Board "55"]
[WhiteElo "1759"]
[BlackElo "1400"]
[PlyCount "85"]
[WhiteFideId "24615455"]
[BlackFideId "4624610"]
[EventCountry "GER"]
[EventRounds "9"]
[EventType "swiss"]
[EventDate "2008.05.10"]

1. Nf3 Nf6 2. d4 e6 3. c4 c5 4. Nc3 cxd4 5. Nxd4 Nc6 6. g3 Bc5 7. Nxc6 bxc6 8.
Bg2 d5 9. O-O O-O 10. cxd5 cxd5 11. Qd3 Rb8 12. Rb1 Qa5 13. Bd2 Ba6 14. Qc2 Bb4
15. a3 Bxc3 16. Bxc3 Qc7 17. Rfc1 Rfc8 18. Qd1 Qd8 19. e3 Bc4 20. Bf1 Bb3 21.
Qd4 Bc4 22. Qxa7 Rc7 23. Bxf6 gxf6 24. Qd4 e5 25. Qg4+ Kf8 26. Bxc4 dxc4 27.
Rxc4 Qd3 28. Rcc1 Rxc1+ 29. Rxc1 Rxb2 30. Rc8+ Ke7 31. Rc7+ Kf8 32. Qc8+ Kg7
33. Qd7 Qxd7 34. Rxd7 Ra2 35. Ra7 Kg6 36. Kg2 e4 37. Ra5 f5 38. Ra6+ Kg5 39.
Ra8 f6 40. a4 f4 41. Ra5+ Kg6 42. gxf4 h5 43. h4 1-0

[Event "5. ODEM U25 2008"]
[Site "Willingen GER"]
[Date "2008.05.14"]
[Round "6"]
[White "Hümmecke, Aaron"]
[Black "Voggenreiter, Sara"]
[Result "1-0"]
[Termination "normal"]
[Board "56"]
[WhiteElo "1466"]
[BlackElo "1594"]
[PlyCount "75"]
[WhiteFideId "24692522"]
[BlackFideId "24615358"]
[EventCountry "GER"]
[EventRounds "9"]
[EventType "swiss"]
[EventDate "2008.05.10"]

1. e4 d5 2. exd5 Qxd5 3. Nc3 Qa5 4. d4 c6 5. Bd2 Qc7 6. Nf3 Nf6 7. Bc4 Bg4 8.
h3 Bh5 9. g4 Bg6 10. Ne5 e6 11. Bb3 Nbd7 12. f4 Nxe5 13. fxe5 Nd5 14. Nxd5 exd5
15. Qe2 Be7 16. O-O-O b5 17. h4 a5 18. a3 Qb6 19. e6 f6 20. Be3 a4 21. Ba2 b4
22. axb4 Bxb4 23. g5 Be7 24. gxf6 Bxf6 25. h5 Be4 26. Rhf1 c5 27. h6 Ra7 28.
hxg7 Bxg7 29. Qh5+ Bg6 30. Qxd5 Rb7 31. b3 axb3 32. Bxb3 Ra7 33. Ba4+ Ke7 34.
Bg5+ Bf6 35. Bxf6+ Kf8 36. e7+ Rxe7 37. Bxe7+ Kxe7 38. Qd7# 1-0

[Event "5. ODEM U25 2008"]
[Site "Willingen GER"]
[Date "2008.05.14"]
[Round "6"]
[White "Kempe, Markus"]
[Black "Usov, Andreas"]
[Result "1-0"]
[Termination "normal"]
[Board "57"]
[WhiteElo "1243"]
[BlackElo "1461"]
[PlyCount "73"]
[WhiteFideId "24692638"]
[BlackFideId "24601713"]
[EventCountry "GER"]
[EventRounds "9"]
[EventType "swiss"]
[EventDate "2008.05.10"]

1. e4 e5 2. Nf3 Nc6 3. Bc4 Be7 4. d4 d6 5. Nc3 Bg4 6. Be3 exd4 7. Bxd4 Bf6 8.
Bxf6 Qxf6 9. Nd5 Qd8 10. h3 Bh5 11. O-O Ne5 12. Be2 Nf6 13. Nxe5 Bxe2 14. Qxe2
dxe5 15. Qb5+ Qd7 16. Nxf6+ gxf6 17. Qxb7 O-O 18. b3 Kh8 19. Rfd1 Qe7 20. Rd3
Rfb8 21. Qc6 Rd8 22. Rad1 Kg7 23. Rd7 Qe8 24. Qxc7 Rdc8 25. Qb7 Rcb8 26. Qd5 a5
27. Rd3 Rb4 28. Rg3+ Kh8 29. c3 Rxe4 30. Qxe4 Rb8 31. Qf5 Qe6 32. Qxe6 fxe6 33.
Ra7 f5 34. Rxa5 f4 35. Rg4 e4 36. Re5 h5 37. Rxh5# 1-0

[Event "5. ODEM U25 2008"]
[Site "Willingen GER"]
[Date "2008.05.14"]
[Round "6"]
[White "Neumair, Dorian"]
[Black "Wang, Julia"]
[Result "0-1"]
[Termination "normal"]
[Board "58"]
[WhiteElo "1184"]
[BlackElo "1432"]
[PlyCount "66"]
[BlackFideId "24692565"]
[EventCountry "GER"]
[EventRounds "9"]
[EventType "swiss"]
[EventDate "2008.05.10"]

1. e4 c6 2. d4 d5 3. exd5 cxd5 4. Nc3 Bf5 5. Bd3 Bxd3 6. Qxd3 Nc6 7. Nf3 e6 8.
Be3 Nf6 9. a3 Bd6 10. h3 O-O 11. O-O a6 12. Ne2 Qc7 13. b3 Na5 14. Rfc1 b5 15.
Bd2 Rfc8 16. a4 b4 17. Rab1 Ne4 18. Be3 Nb7 19. Kf1 h6 20. Neg1 Nc3 21. Ra1 Bf4
22. Ne2 Bxe3 23. Qxe3 Nd6 24. Ne5 Nf5 25. Qd2 Qa7 26. Nxc3 Rxc3 27. Nf3 Rac8
28. Ra2 a5 29. Kg1 Qc7 30. Rb2 Ne7 31. Kh1 Ng6 32. Kg1 Nf4 33. Kf1 Nd3 0-1

[Event "5. ODEM U25 2008"]
[Site "Willingen GER"]
[Date "2008.05.14"]
[Round "6"]
[White "Lang, Jan-Hendrik"]
[Black "Kuckling, Linus"]
[Result "0-1"]
[Termination "normal"]
[Board "60"]
[WhiteElo "982"]
[BlackElo "1181"]
[PlyCount "64"]
[BlackFideId "24658243"]
[EventCountry "GER"]
[EventRounds "9"]
[EventType "swiss"]
[EventDate "2008.05.10"]

1. e4 c5 2. Nf3 d6 3. Nc3 Nf6 4. d4 cxd4 5. Nxd4 g6 6. f3 Bg7 7. Be3 O-O 8. Qd2
Nc6 9. O-O-O Bd7 10. Bh6 Rc8 11. Bxg7 Kxg7 12. Bc4 Na5 13. Bb5 Bxb5 14. Ncxb5
a6 15. Nc3 Nc6 16. h4 Qb6 17. Nce2 Qb4 18. c3 Qa4 19. Nc2 Qxa2 20. g4 Qa5 21.
h5 gxh5 22. gxh5 Nxh5 23. Rdg1+ Kh8 24. Rg5 Qa2 25. Rgxh5 f6 26. Qh6 Rf7 27.
Rg1 Na5 28. Rh3 Nb3+ 29. Kd1 Qxb2 30. f4 Qb1+ 31. Nc1 Qxc1+ 32. Ke2 Qxg1 0-1

[Event "5. ODEM U25 2008"]
[Site "Willingen GER"]
[Date "2008.05.14"]
[Round "6"]
[White "Wachinger, David"]
[Black "Erben, Katrin"]
[Result "1-0"]
[Termination "normal"]
[Board "61"]
[WhiteElo "1179"]
[BlackElo "946"]
[PlyCount "69"]
[WhiteFideId "24692689"]
[BlackFideId "24692743"]
[EventCountry "GER"]
[EventRounds "9"]
[EventType "swiss"]
[EventDate "2008.05.10"]

1. d4 d5 2. c4 c6 3. Nc3 Nf6 4. Bf4 Nbd7 5. Nf3 Nb6 6. cxd5 cxd5 7. e3 a6 8.
Bd3 Bg4 9. O-O e6 10. h3 Bh5 11. Be2 Bb4 12. Ne5 Bxe2 13. Qxe2 Rc8 14. Rfc1 O-O
15. a3 Bd6 16. Qf3 Nc4 17. Nxc4 Rxc4 18. b3 Rc6 19. Bxd6 Qxd6 20. Qd1 Rfc8 21.
Qd2 b5 22. Ne2 Ne4 23. Qe1 Rxc1 24. Rxc1 Rxc1 25. Qxc1 h6 26. b4 e5 27. dxe5
Qxe5 28. Qc8+ Kh7 29. Qxa6 Qf5 30. f3 Nd2 31. Qxb5 Qg5 32. Qd3+ Ne4 33. fxe4
Qh5 34. exd5+ g6 35. d6 1-0

[Event "5. ODEM U25 2008"]
[Site "Willingen GER"]
[Date "2008.05.14"]
[Round "6"]
[White "Kilic, Ahmet"]
[Black "Palm, Adrian"]
[Result "1/2-1/2"]
[Termination "normal"]
[Board "62"]
[WhiteElo "1171"]
[BlackElo "915"]
[PlyCount "83"]
[EventCountry "GER"]
[EventRounds "9"]
[EventType "swiss"]
[EventDate "2008.05.10"]

1. e4 e6 2. d4 d5 3. e5 c5 4. Nf3 Nc6 5. Bb5 Bd7 6. Bxc6 Bxc6 7. O-O cxd4 8.
Nxd4 Bc5 9. Nxc6 bxc6 10. Bf4 Qb6 11. b3 Ne7 12. Qe2 Nf5 13. Nd2 O-O-O 14. Rad1
h6 15. c3 a5 16. Ra1 g5 17. Bg3 h5 18. b4 axb4 19. cxb4 Bd4 20. Rab1 h4 21.
Bxh4 gxh4 22. b5 c5 23. Nf3 Bc3 24. Ng5 Rdf8 25. Nf3 Rfg8 26. Rfc1 Nd4 27. Nxd4
Bxd4 28. Qe1 c4 29. Qb4 Bxf2+ 30. Kh1 Be3 31. Rc2 Bc5 32. Qc3 Bd4 33. Qb4 Kd7
34. a4 Ra8 35. Ra2 Ra5 36. Rf1 Bc5 37. Qd2 Rh7 38. Qg5 d4 39. Qg8 Rh5 40. Qxf7+
Be7 41. Qxh5 c3 42. Qd1 1/2-1/2

[Event "5. ODEM U25 2008"]
[Site "Willingen GER"]
[Date "2008.05.14"]
[Round "6"]
[White "Kreyssig, Bruno"]
[Black "Reksten, Anne"]
[Result "1-0"]
[Termination "normal"]
[Board "64"]
[WhiteElo "1034"]
[BlackElo "807"]
[PlyCount "91"]
[WhiteFideId "4692489"]
[BlackFideId "24692778"]
[EventCountry "GER"]
[EventRounds "9"]
[EventType "swiss"]
[EventDate "2008.05.10"]

1. d4 d5 2. Nf3 Nf6 3. c4 c6 4. Nc3 Bf5 5. cxd5 cxd5 6. Bf4 Nc6 7. e3 e6 8. Be2
Bd6 9. Bxd6 Qxd6 10. O-O O-O 11. Qd2 Ng4 12. h3 Be4 13. hxg4 Bxf3 14. Bxf3 Rfe8
15. Qd3 e5 16. Bxd5 Nb4 17. Qc4 Re7 18. Be4 Rc8 19. Qxc8+ Re8 20. Qxe8+ Qf8 21.
Qxf8+ Kxf8 22. Bxh7 g6 23. Bxg6 fxg6 24. dxe5 Nd3 25. Rfd1 Nxe5 26. Rd8+ Kf7
27. Rad1 g5 28. R1d7+ Nxd7 29. Rxd7+ Ke6 30. Rxb7 a5 31. Ra7 Kd6 32. Rxa5 Kc6
33. e4 Kd6 34. e5+ Ke6 35. f3 Ke7 36. Ra6 Kd7 37. e6+ Ke7 38. g3 Ke8 39. Ra7
Kd8 40. e7+ Ke8 41. a3 Kf7 42. Nd5 Ke8 43. Ra8+ Kf7 44. e8=Q+ Kg7 45. Qg8+ Kh6
46. Ra6# 1-0

[Event "5. ODEM U25 2008"]
[Site "Willingen GER"]
[Date "2008.05.14"]
[Round "6"]
[White "Kaphle, Christian"]
[Black "Holle, Niklas"]
[Result "1-0"]
[Termination "normal"]
[Board "68"]
[WhiteElo "715"]
[BlackElo "700"]
[PlyCount "117"]
[EventCountry "GER"]
[EventRounds "9"]
[EventType "swiss"]
[EventDate "2008.05.10"]

1. e4 e5 2. Nf3 Nf6 3. Nc3 Nc6 4. Bc4 Bb4 5. d3 d6 6. Bd2 O-O 7. a3 Bc5 8. Bg5
Bg4 9. Nd5 h6 10. Nxf6+ gxf6 11. Bxh6 Re8 12. h3 Bh5 13. Be3 Na5 14. Qd2 Nxc4
15. dxc4 a6 16. Bxc5 dxc5 17. Qe2 Qd7 18. Rd1 Qc6 19. O-O Kg7 20. Qe3 Rh8 21.
Rd3 Rh7 22. Rfd1 Rah8 23. Rd8 Bg4 24. Rxh8 Kxh8 25. hxg4 Qe8 26. Qxc5 Kg7 27.
Qxc7 Qh8 28. Kf1 Rh1+ 29. Ke2 Rxd1 30. Kxd1 Qh1+ 31. Ne1 Kg6 32. Qxb7 Kg5 33.
Qxa6 Kxg4 34. Qxf6 Qf1 35. Qf3+ Kg5 36. Qf5+ Kh6 37. b3 f6 38. Qxf6+ Kh5 39.
Qxe5+ Kg4 40. f3+ Kh4 41. Qh2+ Kg5 42. c5 Kf6 43. c6 Ke6 44. c7 Kd7 45. Qh7+
Kc8 46. a4 Qg1 47. g4 Qd4+ 48. Ke2 Kb7 49. g5 Kc6 50. c8=Q+ Kd6 51. Qcf5 Kc6
52. Qh6+ Qd6 53. Qd5+ Kb6 54. Qhxd6+ Ka7 55. Q5e5 Kb7 56. g6 Kc8 57. g7 Kb7 58.
Qee7+ Kc8 59. g8=Q# 1-0

[Event "5. ODEM U25 2008"]
[Site "Willingen GER"]
[Date "2008.05.16"]
[Round "8"]
[White "Coenen, Michael"]
[Black "Figura, Atila Gajo"]
[Result "1/2-1/2"]
[Termination "normal"]
[Board "1"]
[BlackTitle "FM"]
[WhiteElo "2174"]
[BlackElo "2405"]
[PlyCount "74"]
[WhiteFideId "4697367"]
[BlackFideId "4688058"]
[EventCountry "GER"]
[EventRounds "9"]
[EventType "swiss"]
[EventDate "2008.05.10"]

1. c4 b6 2. Nf3 Bb7 3. d4 e6 4. Nc3 f5 5. a3 Nf6 6. Bg5 Be7 7. Bxf6 Bxf6 8. e3
O-O 9. Qc2 Nc6 10. O-O-O Ne7 11. e4 fxe4 12. Nxe4 Nf5 13. Bd3 Kh8 14. Be2 c5
15. Nxf6 Qxf6 16. dxc5 bxc5 17. Rxd7 Bxf3 18. Bxf3 Rab8 19. Rhd1 Nd4 20. R1xd4
cxd4 21. c5 Rfd8 22. Rxa7 d3 23. Qd2 Qd4 24. Qc3 d2+ 25. Kd1 Qxc3 26. bxc3 Rb1+
27. Kc2 d1=Q+ 28. Bxd1 Rbxd1 29. Kb3 R1d7 30. Rxd7 Rxd7 31. Kb4 Kg8 32. c6 Ra7
33. Kc5 Kf8 34. Kb6 Rxa3 35. c7 Rxc3 36. Kb7 Rb3+ 37. Kc6 Rc3+ 1/2-1/2

[Event "5. ODEM U25 2008"]
[Site "Willingen GER"]
[Date "2008.05.16"]
[Round "8"]
[White "Jahncke, Giso"]
[Black "Billing, Christian"]
[Result "0-1"]
[Termination "normal"]
[Board "2"]
[WhiteElo "2031"]
[BlackElo "2155"]
[PlyCount "82"]
[WhiteFideId "24608289"]
[BlackFideId "4697294"]
[EventCountry "GER"]
[EventRounds "9"]
[EventType "swiss"]
[EventDate "2008.05.10"]

1. e4 e6 2. d4 d5 3. Nc3 Nf6 4. e5 Nfd7 5. f4 c5 6. Nce2 Nc6 7. Nf3 b6 8. c3
Ba6 9. f5 Bxe2 10. Qxe2 Be7 11. fxe6 fxe6 12. g3 cxd4 13. cxd4 O-O 14. Be3 Qe8
15. Bh3 Bb4+ 16. Kd1 Qg6 17. Nh4 Qe4 18. Bg2 Nxd4 19. Bxe4 Nxe2 20. Bd3 d4 21.
Bd2 Bxd2 22. Kxd2 g5 23. Ng2 Rf2 24. Kd1 Nxe5 25. Ne1 Nxd3 26. Nxd3 Rg2 27. Re1
Ng1 28. Ne5 Nh3 29. Rc1 Rxb2 30. Rc7 Rf8 31. Kc1 Rxa2 32. Kb1 Raf2 33. Ng4 Rf1
34. Rxf1 Rxf1+ 35. Kc2 a5 36. Ne5 Nf2 37. Kd2 Ne4+ 38. Kd3 Nc5+ 39. Kxd4 Rd1+
40. Kc4 Rc1+ 41. Kd4 Nb3+ 0-1

[Event "5. ODEM U25 2008"]
[Site "Willingen GER"]
[Date "2008.05.16"]
[Round "8"]
[White "Gölz, Daniel"]
[Black "Günnigmann, Manuel"]
[Result "1-0"]
[Termination "normal"]
[Board "3"]
[WhiteElo "2015"]
[BlackElo "2043"]
[PlyCount "89"]
[WhiteFideId "24626325"]
[BlackFideId "24640360"]
[EventCountry "GER"]
[EventRounds "9"]
[EventType "swiss"]
[EventDate "2008.05.10"]

1. e4 c5 2. c3 g6 3. d4 cxd4 4. cxd4 d5 5. e5 Bg7 6. Nc3 Nc6 7. Bb5 f6 8. Nf3
a6 9. Qa4 Qd7 10. O-O Ra7 11. Bxc6 Qxc6 12. Qb3 e6 13. Bf4 b5 14. Rfc1 Qb7 15.
a4 b4 16. Nxd5 exd5 17. exf6 Nxf6 18. Rc7 Qxc7 19. Bxc7 Rxc7 20. Re1+ Re7 21.
Rxe7+ Kxe7 22. Qxb4+ Kd8 23. Qd6+ Bd7 24. Ne5 Ke8 25. a5 Rf8 26. b4 Bb5 27.
Qe6+ Kd8 28. Nf7+ Kc7 29. Qb6+ Kd7 30. Qb7+ Ke6 31. Ng5+ Kf5 32. Qxg7 Rg8 33.
Qh6 Ng4 34. Qxh7 Rc8 35. Qf7+ Kxg5 36. h4+ Kxh4 37. g3+ Kh5 38. Qh7+ Kg5 39.
f4+ Kf5 40. Qf7+ Ke4 41. Qe6+ Kf3 42. Qxc8 Kxg3 43. Qb8 Kf3 44. Qxb5 axb5 45.
a6 1-0

[Event "5. ODEM U25 2008"]
[Site "Willingen GER"]
[Date "2008.05.16"]
[Round "8"]
[White "Bömelburg, Raphael"]
[Black "Högy, Kevin"]
[Result "1-0"]
[Termination "normal"]
[Board "4"]
[WhiteElo "1852"]
[BlackElo "2058"]
[PlyCount "129"]
[WhiteFideId "24692441"]
[BlackFideId "24647098"]
[EventCountry "GER"]
[EventRounds "9"]
[EventType "swiss"]
[EventDate "2008.05.10"]

1. e4 g6 2. d4 Bg7 3. Nc3 d6 4. Be3 a6 5. Qd2 b5 6. Bd3 Nd7 7. f4 Bb7 8. Nf3 c5
9. dxc5 Nxc5 10. Bxc5 dxc5 11. e5 Qb6 12. Be4 Nh6 13. Nd5 Bxd5 14. Qxd5 Rb8 15.
Qc6+ Qxc6 16. Bxc6+ Kd8 17. Ng5 Rb6 18. Bd5 e6 19. Bf3 Ke7 20. Ne4 Rc8 21. g4
Ng8 22. g5 Kf8 23. O-O-O Rbb8 24. Rd6 Ne7 25. Rxa6 Nf5 26. Nd6 Nxd6 27. Rxd6
Rd8 28. Rhd1 Ke7 29. Bc6 Rdc8 30. Rd7+ Kf8 31. Bb7 Re8 32. Bc6 Rec8 33. Bb7 Re8
34. Rc7 Kg8 35. Rdd7 Rbd8 36. Rxf7 Bh8 37. Rce7 Rf8 38. Rxf8+ Rxf8 39. Rxe6
Rxf4 40. Re8+ Kg7 41. Bd5 h5 42. gxh6+ Kh7 43. Bc6 Rf5 44. Bd7 Rxe5 45. Rxe5
Bxe5 46. Bxb5 Bxh2 47. Kd2 Kxh6 48. Kd3 Kg5 49. Kc4 Kf6 50. Kxc5 Ke7 51. Bd3 g5
52. Bf5 Kf6 53. Bc8 Ke5 54. b4 Bg1+ 55. Kb5 Kd6 56. c4 Kc7 57. Bg4 Be3 58. a4
Bd2 59. Bf3 Kb8 60. c5 Kc7 61. Kc4 Kb8 62. a5 Kc7 63. a6 Kb8 64. b5 Ka7 65. Kd5
1-0

[Event "5. ODEM U25 2008"]
[Site "Willingen GER"]
[Date "2008.05.16"]
[Round "8"]
[White "Siebarth, Raiko"]
[Black "Kunz, André"]
[Result "1-0"]
[Termination "normal"]
[Board "5"]
[WhiteElo "2284"]
[BlackElo "1915"]
[PlyCount "95"]
[WhiteFideId "4674766"]
[BlackFideId "24623652"]
[EventCountry "GER"]
[EventRounds "9"]
[EventType "swiss"]
[EventDate "2008.05.10"]

1. Nc3 Nf6 2. e4 e5 3. f4 d5 4. fxe5 Nxe4 5. Nf3 Nc6 6. d3 Nxc3 7. bxc3 d4 8.
Bb2 Bc5 9. cxd4 Bxd4 10. Nxd4 Nxd4 11. c3 Nc6 12. Qh5 Qd5 13. d4 Qe4+ 14. Qe2
Qg6 15. Qf2 O-O 16. Be2 Qc2 17. Bf3 Qxf2+ 18. Kxf2 Ne7 19. Ba3 Re8 20. Rab1 Rb8
21. Rb4 c6 22. Rhb1 Nd5 23. Bxd5 cxd5 24. Rb5 Rd8 25. Bd6 Ra8 26. Rxd5 b6 27.
Rdb5 Ba6 28. R5b4 Rdc8 29. Rc1 Bc4 30. Ra4 a5 31. Rb1 b5 32. Rxc4 Rxc4 33. Rxb5
Rxc3 34. a3 Rd3 35. d5 a4 36. Ke2 Rb3 37. Bb4 Rc8 38. d6 g6 39. d7 Rd8 40. Rb7
Rb2+ 41. Kd3 Rxb4 42. axb4 Kf8 43. Kc4 Ke7 44. b5 Ke6 45. Ra7 Kxe5 46. Kc5 Ke6
47. Kc6 Ke7 48. b6 1-0

[Event "5. ODEM U25 2008"]
[Site "Willingen GER"]
[Date "2008.05.16"]
[Round "8"]
[White "Sieker, Roland"]
[Black "Geshnizjani, Ramin Tobias"]
[Result "1-0"]
[Termination "normal"]
[Board "6"]
[WhiteElo "2047"]
[BlackElo "2039"]
[PlyCount "71"]
[WhiteFideId "24600261"]
[BlackFideId "24633089"]
[EventCountry "GER"]
[EventRounds "9"]
[EventType "swiss"]
[EventDate "2008.05.10"]

1. e4 c6 2. Nf3 d5 3. exd5 cxd5 4. Ne5 Nf6 5. d4 g6 6. c3 Bg7 7. Bb5+ Bd7 8.
Qb3 Nc6 9. Nd2 O-O 10. Ndf3 Na5 11. Qa4 Bxb5 12. Qxb5 a6 13. Qe2 Rc8 14. O-O
Nc6 15. Re1 Nxe5 16. Nxe5 Nd7 17. Nd3 e6 18. Bf4 b5 19. a4 Rc4 20. axb5 axb5
21. Ra7 Nb6 22. Nc5 Na4 23. Nxa4 Rxa4 24. Rxa4 bxa4 25. Qb5 Qe8 26. Qb4 Qc6 27.
Ra1 Ra8 28. Bd6 h5 29. g3 Rd8 30. Bc5 Ra8 31. Qa3 e5 32. b3 exd4 33. cxd4 Qb5
34. bxa4 Qc4 35. Qe3 Rxa4 36. Qe8+ 1-0

[Event "5. ODEM U25 2008"]
[Site "Willingen GER"]
[Date "2008.05.16"]
[Round "8"]
[White "Arps, Jan-Philipp"]
[Black "Pogan, Nicolas"]
[Result "0-1"]
[Termination "normal"]
[Board "7"]
[WhiteElo "2027"]
[BlackElo "2003"]
[PlyCount "58"]
[WhiteFideId "24645680"]
[BlackFideId "24673579"]
[EventCountry "GER"]
[EventRounds "9"]
[EventType "swiss"]
[EventDate "2008.05.10"]

1. e4 c6 2. d4 d5 3. e5 Bf5 4. Nc3 e6 5. g4 Bg6 6. Nge2 c5 7. h4 f6 8. h5 Bf7
9. Bf4 Nc6 10. Qd2 Nge7 11. exf6 gxf6 12. dxc5 Nc8 13. Bg2 Bxc5 14. Bg3 Nb6 15.
O-O Nc4 16. Qh6 Bf8 17. Qc1 Rg8 18. Nb5 N6e5 19. b3 Nd6 20. Nxd6+ Bxd6 21. Qh6
Nxg4 22. Qxh7 f5 23. Nf4 Nf6 24. Qh6 Bf8 25. Nxe6 Bxh6 26. Nxd8 Kxd8 27. c4 f4
28. Bh4 Bg5 29. Bxg5 Rxg5 0-1

[Event "5. ODEM U25 2008"]
[Site "Willingen GER"]
[Date "2008.05.16"]
[Round "8"]
[White "Schneider, Christian"]
[Black "Schäfer, Alexander"]
[Result "1/2-1/2"]
[Termination "normal"]
[Board "8"]
[WhiteElo "2097"]
[BlackElo "1957"]
[PlyCount "138"]
[WhiteFideId "24613886"]
[BlackFideId "24615196"]
[EventCountry "GER"]
[EventRounds "9"]
[EventType "swiss"]
[EventDate "2008.05.10"]

1. e4 c5 2. Nc3 e6 3. f4 d5 4. Nf3 Nc6 5. Bb5 Nf6 6. d3 Be7 7. O-O O-O 8. Bxc6
bxc6 9. Qe1 Ba6 10. e5 Ne8 11. Ne2 f6 12. exf6 Bxf6 13. Ng3 Qd6 14. Qa5 Nc7 15.
Be3 d4 16. Ne4 Qd8 17. Bf2 c4 18. Nxf6+ gxf6 19. Nxd4 cxd3 20. cxd3 Qd6 21. Nb3
Rf7 22. Nc5 Qd5 23. Qd2 Rd8 24. Qe3 Bc8 25. a3 Rg7 26. Qe4 Qd6 27. Rae1 Kf7 28.
b4 Nd5 29. Bg3 a5 30. f5 exf5 31. Qc4 Rxg3 32. hxg3 Qxg3 33. Qa2 Rg8 34. bxa5
f4 35. Ne4 Qxd3 36. Qe2 Qd4+ 37. Qf2 Ne3 38. Rxe3 fxe3 39. Qxf6+ Qxf6 40. Rxf6+
Ke8 41. Rf3 e2 42. Re3 Kd8 43. Rxe2 Re8 44. Kf2 Kc7 45. Nc5 Rxe2+ 46. Kxe2 Kd6
47. Ne4+ Ke6 48. Ke3 Ke5 49. Nc3 Ba6 50. g3 h6 51. Na2 Bb5 52. Nb4 c5 53. Na2
Ba6 54. Nc3 Bf1 55. a4 Kd6 56. Ke4 Kc6 57. Nd1 Bc4 58. Ke5 Bb3 59. Nc3 Bc2 60.
a6 Kb6 61. Kd6 c4 62. Nd5+ Ka7 63. Kc5 Bd3 64. Kd4 Be2 65. Nb4 h5 66. a5 Bf1
67. Ke5 Be2 68. Ke4 Bf1 69. Ke3 Bh3 1/2-1/2

[Event "5. ODEM U25 2008"]
[Site "Willingen GER"]
[Date "2008.05.16"]
[Round "8"]
[White "Ludwig, Sebastian"]
[Black "Neumair, Cedric"]
[Result "1/2-1/2"]
[Termination "normal"]
[Board "10"]
[WhiteElo "2036"]
[BlackElo "1844"]
[PlyCount "75"]
[WhiteFideId "4692780"]
[BlackFideId "4698304"]
[EventCountry "GER"]
[EventRounds "9"]
[EventType "swiss"]
[EventDate "2008.05.10"]

1. e4 c5 2. c3 d5 3. exd5 Qxd5 4. d4 Nc6 5. Nf3 Bg4 6. dxc5 Qxc5 7. Be3 Qa5 8.
Nbd2 Nf6 9. Qb3 Qc7 10. h3 Bd7 11. Be2 e6 12. Bg5 Be7 13. Bh4 Nd5 14. Bxe7
Ncxe7 15. O-O O-O 16. Rfe1 Rfd8 17. Rad1 a6 18. Bd3 Nf4 19. Bb1 Bc6 20. Qc2
Neg6 21. Ne4 b5 22. Neg5 Qb7 23. Rxd8+ Rxd8 24. Re3 Qd7 25. g3 Qd1+ 26. Kh2
Qxc2 27. Bxc2 Nd5 28. Rd3 Rd7 29. h4 Nb6 30. h5 Rxd3 31. Bxd3 Nf8 32. Ne5 Be8
33. Ne4 f6 34. Nd6 Bxh5 35. Nc6 Nfd7 36. c4 bxc4 37. Nxc4 Bf3 38. Nd4 1/2-1/2

[Event "5. ODEM U25 2008"]
[Site "Willingen GER"]
[Date "2008.05.16"]
[Round "8"]
[White "Ludwig, Jan"]
[Black "Müller, Alexander"]
[Result "0-1"]
[Termination "normal"]
[Board "11"]
[WhiteElo "1957"]
[BlackElo "1807"]
[PlyCount "69"]
[WhiteFideId "24643289"]
[BlackFideId "4624696"]
[EventCountry "GER"]
[EventRounds "9"]
[EventType "swiss"]
[EventDate "2008.05.10"]

1. e4 c5 2. c3 Nf6 3. e5 Nd5 4. Bc4 Nb6 5. Bb3 Nc6 6. Nf3 e6 7. d4 cxd4 8. cxd4
d6 9. Qe2 Qc7 10. Nc3 a6 11. O-O Be7 12. Be3 Na5 13. Bc2 d5 14. Rac1 Nbc4 15.
b3 Nxe3 16. Qxe3 Ba3 17. Rcd1 Bb4 18. Rd3 Bd7 19. Bb1 Rc8 20. Ne2 Bb5 21. Rdd1
O-O 22. Ng5 h6 23. Nh3 Qe7 24. f4 f5 25. Nf2 Nc6 26. g4 fxg4 27. Nd3 Rf7 28. a4
Bxd3 29. Qxd3 g5 30. fxg5 Qxg5 31. Rxf7 Kxf7 32. Rf1+ Ke8 33. Kh1 Ne7 34. Nf4
Kd7 35. Ne2 0-1

[Event "5. ODEM U25 2008"]
[Site "Willingen GER"]
[Date "2008.05.16"]
[Round "8"]
[White "Huhnstock, Rico"]
[Black "Hinz, Arne"]
[Result "1/2-1/2"]
[Termination "normal"]
[Board "12"]
[WhiteElo "1880"]
[BlackElo "1965"]
[PlyCount "80"]
[WhiteFideId "24642932"]
[BlackFideId "24634875"]
[EventCountry "GER"]
[EventRounds "9"]
[EventType "swiss"]
[EventDate "2008.05.10"]

1. e4 e5 2. Nf3 Nf6 3. Nxe5 d6 4. Nf3 Nxe4 5. Nc3 Nf6 6. d4 Be7 7. Bd3 O-O 8.
h3 Nbd7 9. Bf4 Nb6 10. O-O Nbd5 11. Nxd5 Nxd5 12. Bd2 Bf6 13. c3 Bd7 14. Nh2 g6
15. Bh6 Bg7 16. Qd2 Bxh6 17. Qxh6 Qf6 18. Ng4 Bxg4 19. hxg4 Rfe8 20. Rfe1 Nf4
21. Bf1 Re6 22. g3 Rae8 23. Rxe6 Nxe6 24. Re1 Re7 25. Qe3 Kf8 26. Bg2 Nd8 27.
Qxe7+ Qxe7 28. Rxe7 Kxe7 29. f4 b6 30. Kf2 h6 31. Ke3 g5 32. b4 Ne6 33. b5 Nf8
34. Be4 Nd7 35. c4 Nf6 36. Bf3 Ke6 37. f5+ Ke7 38. Kd3 d5 39. cxd5 Kd6 40. Kc4
Nd7 1/2-1/2

[Event "5. ODEM U25 2008"]
[Site "Willingen GER"]
[Date "2008.05.16"]
[Round "8"]
[White "Häussler, Daniel"]
[Black "Kyas, Marcel"]
[Result "1-0"]
[Termination "normal"]
[Board "13"]
[WhiteElo "1919"]
[BlackElo "1986"]
[PlyCount "119"]
[WhiteFideId "24631345"]
[BlackFideId "24642037"]
[EventCountry "GER"]
[EventRounds "9"]
[EventType "swiss"]
[EventDate "2008.05.10"]

1. d4 Nf6 2. c4 g6 3. Nc3 Bg7 4. e4 d6 5. f4 O-O 6. Nf3 c5 7. d5 e6 8. Be2 exd5
9. cxd5 Bg4 10. O-O Nbd7 11. h3 Bxf3 12. Bxf3 Re8 13. Re1 Qa5 14. Be3 b5 15. a3
Nb6 16. e5 Nc4 17. exf6 Nxe3 18. Rxe3 Rxe3 19. fxg7 Rae8 20. Qc2 f5 21. Rf1 b4
22. Nd1 R3e7 23. a4 Qb6 24. Qc4 b3 25. Qb5 Qc7 26. Qc6 Qb8 27. Nc3 Rc8 28. Qa6
Rb7 29. Re1 c4 30. Nb5 Rb6 31. Qa5 a6 32. Nd4 Qa7 33. Kh2 Qc7 34. Qc3 Qc5 35.
Ne6 Qb4 36. Qf6 Rbb8 37. Ng5 Rc7 38. Re7 Rxe7 39. Qxe7 Qb7 40. Qxd6 Kxg7 41.
Qe5+ Kh6 42. d6 Qg7 43. Bd5 Qxe5 44. Nf7+ Kg7 45. Nxe5 c3 46. bxc3 b2 47. Ba2
b1=Q 48. Bxb1 Rxb1 49. d7 Rd1 50. c4 Kf6 51. c5 Ke7 52. c6 Kd8 53. Kg3 Rd4 54.
a5 Rd5 55. Kh4 Rd2 56. g3 Kc7 57. Kg5 Rd5 58. Nf7 Kxc6 59. d8=Q Rxd8 60. Nxd8+
1-0